Taylor Swift Songs Beginning With "P" - Statistics

General Stats
  • This quiz has been taken 89 times
    56 since last reset
  • The average score is 6 of 8
Answer Stats
Songs % Correct
peace
82%
Picture To Burn
79%
Peter
74%
Paper Rings
71%
Paris
66%
A Perfectly Good Heart
63%
A Place In This World
63%
The Prophecy
63%
No matching quizzes found
Score Distribution
Percent of People with Each Score
Percentile by Number Answered
Your Score History
You have not taken this quiz since the last reset